03033cas a2200637 a 450000100090000000300040000900500170001300800410003001000310007101600250010201600220012701600180014902200250016703500240019204002610021604100130047704200080049005000160049808200240051421000370053822200620057524500820063724600370071926000550075630000320081131000140084333600260085733700280088333800270091136200230093850001050096152000660106653000240113254600240115655002890118058800560146959000320152565000440155765000320160165000620163365000490169565000350174465000490177965000290182865500390185765500550189671000470195171000390199871000460203771000440208377600980212790600450222594200120227099900150228295200980229711144097OSt20230629135732.0751101c19489999nyu x w i0 0eng c a 49026849 zsn 87044176  a(AMICUS)0000076277717 a0023590612IsJJNL7 a0092149772Uk a0251-7833l0251-7833 a(OCoLC)ocm01751691  aMULbengcMULdCOOdHULdNSTdDLCdEYMdDLCdOCLdIULdSYSdZBLdOCLCQdNLGGCdDLCdCLUdCUVdBUFdOCLCQdNYDRDdIULdDLCdOCLCAdUKMGBdEMIdINUdOCLCQdJ9UdOCLCAdOCLCQdOCLCAdOCLCFdOCLCOdOCLCQdCSJdNLCdOCLCQdOCLCAdAU@dOCLCQdIL4J6dOCLCOdOCLCQ0 aengafre apcc00aKZ200b.R4704a341.63bH1471r2REP0 aRep. int. arbitral awards - U.N. 0aReports of international arbitral awards - United Nations00aReports of international arbitral awards =bRecueil des sentences arbitrales.31aRecueil des sentences arbitrales a[Lake Success?, N.Y.] :bUnited Nations,c[1948?]- avolumes ;c24 cm +eCD-ROMs aIrregular atextbtxt2rdacontent aunmediatedbn2rdamedia avolumebnc2rdacarrier1 aBegan with vol. 1. aVol. 25 (2005)--accompanied by 12 maps in pockets. Vol. 26 (published 2009) has maps also on CD-ROM. aIncludes the decisions of the Permanent Court of Arbitration. aAlso issued online. aEnglish and French. aVols. 1-3 prepared by the International Court of Justice Registry; v. 4-5 by the Legal Dept., United Nations Secretariat; v. 6-7 by the Office of Legal Affairs of the Secretariat of the U.N.; v. 8-20 by the Codification Division, Office of Legal Affairs of the Secretariat of the U.N. aLatest issue consulted: Vol. 26, published in 2009. aSERBIB/SERLOC merged record 0aArbitration (International law)vCases. 0aInternational lawvSources. 7aArbitration (International law)2fast0(OCoLC)fst01761738 7aInternational law.2fast0(OCoLC)fst0097698417aInternationale arbitrage.2gtt 7aArbitration (International law)vCases.2nli17aARBITRAL AWARDS.2unbist 7aSources.2fast0(OCoLC)fst01423900 7aTrials, litigation, etc.2fast0(OCoLC)fst014237122 aInternational Court of Justice.bRegistry.2 aUnited Nations.bLegal Department.2 aUnited Nations.bOffice of Legal Affairs.2 aUnited Nations.bCodification Division.08iOnline version:tReports of international arbitral awardsw(DLC) 2009250724w(OCoLC)61160895 a7bcbccserialsduencipf19gn-oclcserc 2ddccBK c3090d3090 00102ddc4070a002b002d2023-06-29l0o341.63 H1471rp10014043r2023-06-29w2023-06-29yBK